000 00302nam a22001337a 4500
008 170126b xxu||||| |||| 00| 0 eng d
020 _a9780815125426
041 _aeng
080 _28th
_a61
100 _a3
101 _aSHM
245 _aCOMMUNITY AND POPULATION HEALTH
_cGREEN, L.W
942 _2udc
_cBK
999 _c3807
_d3807